| 000 | 00745nam a2200253Ia 4500 | ||
|---|---|---|---|
| 003 | OSt | ||
| 005 | 20220926020621.0 | ||
| 006 | a|||||r|||| 00| 0 | ||
| 007 | ta | ||
| 008 | 220923b |||||||| |||| 00| 0 eng d | ||
| 020 | _a0470150564 | ||
| 037 | _cGeneral Book | ||
| 040 |
_aRTL _cRTL _beng |
||
| 041 |
_2eng _aeng |
||
| 082 | _aY48.73.N7, L6 | ||
| 100 |
_aEulau Heinz _9119494 |
||
| 245 | 0 |
_aElite recruitment in democratic politics _b Comparative studies Across Nations |
|
| 260 |
_aNew York _bSAGE _c1976 |
||
| 300 |
_a299p. _ccm. |
||
| 650 | _aElites | ||
| 700 |
_a Czudnowski Moshe M Ed. _9324830 |
||
| 942 |
_hY48.73.N7, L6 _cGB _2CC |
||
| 999 |
_c634674 _d634674 |
||